000 01051nam a22002777a 4500
008 081211t xxu||||| |||| 00| 0 eng d
010 _aENG-92137
020 _c530.00
_a9788189963026
020 _c530.00
_a8189963023
035 _aEN-75670
037 _bDBAD / PUB
040 _adpl
_bEnglish
082 _a415
100 _aTiwari, Devendra Nath
245 _aThe central problems of Bhartrhari's philosophy /
_cby Devendra Nath Tiwari
260 _aNew Delhi
_bIndian Council of Philosophical Research
_c2008
270 _a36, Tughlakabad Institutional Area, Mehrauli, Badarpur Road,
_bNew Delhi
_e110062
300 _axix, 434p.
_c22cm (Hb)
500 _aIncludes index
505 _av.2-The perfect master
600 _aBhartr̥hari.Vākyapadīya.
650 _aSanskrit language
_xGrammar.
650 _aSanskrit language
_xSemantics.
942 _2ddc
_cEN
_mTIW
_h415
999 _c19695
_d19695